Kaleidoscope : an anthology of English varieties for upper-intermediate and more advanced students

Αποθηκεύτηκε σε:
Λεπτομέρειες βιβλιογραφικής εγγραφής
Κύριος συγγραφέας: Swan, Michael, 1936-
Μορφή: Βιβλίο
Γλώσσα:English
Δημοσίευση: Cambridge : Cambridge University Press, 1988.
Θέματα:
Ετικέτες: Προσθήκη ετικέτας
Δεν υπάρχουν, Καταχωρήστε ετικέτα πρώτοι!

MARC

LEADER 00000cam a2200000 i 4500
001 1/855
008 950705s1988 enk| ||| |||| ||eng||
020 |a 0521216214 
035 |l 10014228 
040 |a GR-MyUa  |b gre  |e AACR2 
041 0 |a eng 
082 7 |a 428   |2 (22) 
100 1 |a Swan, Michael,   |d 1936- 
245 1 0 |a Kaleidoscope :   |b an anthology of English varieties for upper-intermediate and more advanced students /   |c Michael Swan. 
260 |a Cambridge :   |b Cambridge University Press,   |c 1988. 
300 |a 214 σ. :   |b εικ. ;   |c 20 εκ. 
500 |a Περιλαμβάνει ευρετήριο. 
650 0 0 |a English language  |x Study and teaching  |x Foreign speakers. 
852 |a INST  |b LESVOS  |e 19950705  |h 428 SWA  |p 005100008017  |q 005100008017  |t BK  |y 0 
922 |a 1ΕΛΗ  |b 199003  |c ΠΠ/9130